000 00268nam a2200121Ia 4500
008 220204s9999 xx 000 0 und d
082 _a032
_bDRU
100 _aPeter F
245 0 _aNew realities
260 _bHeinemann
_c1989
490 _aNew realities
942 _cBK
999 _c40264
_d40264